|
|
|
|
| LEADER |
00000cam a2200000 7i4500 |
| 001 |
0000066539 |
| 005 |
20161001.0 |
| 008 |
070711 |
| 020 |
|
|
|a 9833730086
|
| 090 |
0 |
0 |
|a JF
|b AD MAL (2595)
|
| 100 |
0 |
|
|a Muhammad Firdaus
|
| 245 |
1 |
0 |
|a Bagaikan belayar di lautan
|c Muhammad Firdaus
|
| 260 |
|
|
|a Pulau Pinang :
|b Goal Intelligent Publishing ,
|c 2006
|
| 440 |
|
0 |
|a Koleksi cerita sejarah moral islam
|
| 500 |
|
|
|a Children ages 7-9 years old (orange)
|
| 650 |
|
0 |
|a Adventure
|
| 650 |
|
0 |
|a Children's stories, Malay
|
| 650 |
|
0 |
|a Malay fiction
|
| 710 |
0 |
|
|a Title
|
| 999 |
|
|
|a 0000968862
|b Book
|c Children Collection
|e Cawangan Segamat
|
| 999 |
|
|
|a 0001078865
|b Book
|c Children Collection
|e Cawangan Tangkak
|
| 999 |
|
|
|a 0001078866
|b Book
|c Children Collection
|e Cawangan Taman Universiti
|
| 999 |
|
|
|a 0001134918
|b Book
|c Children Collection
|e Cawangan Pontian
|
| 999 |
|
|
|a 0001148354
|b Book
|c Children Collection
|e Cawangan Tmn. Ungku Tun Aminah
|
| 999 |
|
|
|a 0001148355
|b Book
|c Children Collection
|e Cawangan Bandar Penawar
|
| 999 |
|
|
|a 0001148363
|b Book
|c Children Collection
|e Cawangan Taman Universiti
|